| Tag |
First Indicator |
Second Indicator |
Subfields |
| LEADER |
00000cam a22000001a 4500 |
| 001 |
in00002139177 |
| 006 |
m e d # |
| 007 |
cr mn mmmmabba |
| 008 |
851003s1799 meu s 000 0 eng d |
| 005 |
20260330214646.0 |
| 035 |
|
|
|z w009933
|
| 035 |
|
|
|a MAAR8510033906B
|
| 035 |
|
|
|9 mwa91-47531
|
| 035 |
|
|
|a 339472
|
| 035 |
|
|
|a aas03009933
|
| 040 |
|
|
|a MWA
|c MWA
|e bdrb
|d UtOrBLW
|
| 100 |
1 |
|
|a Lee, Silas,
|d 1760-1814.
|
| 245 |
1 |
3 |
|a An oration, delivered at Wiscasset, at the request of the inhabitants, on the Fourth of July, 1799 /
|c By Silas Lee. ; [Two lines from Mallet du Pan].
|
| 264 |
|
3 |
|a Wiscasset [Maine] :
|b Printed by Henry Hoskins,
|c 1799.
|
| 300 |
|
|
|a 25 pages, 1 unnumbered page ;
|c (quarto)
|
| 336 |
|
|
|a text
|b txt
|2 rdacontent
|
| 337 |
|
|
|a computer
|b c
|2 rdamedia
|
| 338 |
|
|
|a online resource
|b cr
|2 rdacarrier
|
| 510 |
4 |
|
|a Evans
|c 35724
|
| 530 |
|
|
|a Microform version available in the Readex Early American Imprints series.
|
| 533 |
|
|
|a Electronic text and image data.
|b [Chester, Vt. :
|c Readex, a division of Newsbank, Inc.,
|d 2002-2004.
|e Includes files in TIFF, GIF and PDF formats with inclusion of keyword searchable text.
|f (Early American imprints. First series ; no. 35724).
|
| 500 |
|
|
|a Electronic resource.
|
| 655 |
|
7 |
|a Fourth of July addresses
|y 1799.
|2 rbgenr
|
| 752 |
|
|
|a United States
|b Maine
|d Wiscasset.
|
| 830 |
|
0 |
|a Early American imprints.
|n Series I,
|p Evans (1639-1800) ;
|v no. 35724.
|
| 856 |
4 |
1 |
|u http://proxy.library.tamu.edu/login?url=https://opac.newsbank.com/select/evans/35724
|y Evans Digital Edition
|t 0
|
| 999 |
|
|
|a MARS
|
| 999 |
f |
f |
|s 552f2594-e64b-339e-a908-edfe6154560b
|i 4cffca7c-29e1-39f5-83c4-ff1120e7c8ce
|t 0
|
| 952 |
f |
f |
|a Texas A&M University
|b College Station
|c Electronic Resources
|s www_evans
|d Available Online
|t 0
|h No information provided
|
| 998 |
f |
f |
|t 0
|l Available Online
|